| 000 | 00675cam a22002411 4500 | ||
|---|---|---|---|
| 999 |
_c3967 _d3967 |
||
| 001 | 6889519 | ||
| 003 | Nust | ||
| 005 | 20170105101617.0 | ||
| 008 | 751106s1934 nyu 000 1 eng | ||
| 010 | _a 34035694 | ||
| 020 | _a9780141185378 | ||
| 035 | _a(OCoLC)1810828 | ||
| 040 |
_aDLC _cFJ _dOCoLC _dDLC |
||
| 050 | 0 | 0 |
_aPZ3.O793 _bBu _aPR6029.R8 |
| 082 |
_a823 _bDRW |
||
| 100 | 1 |
_aOrwell, George, _d1903-1950. |
|
| 245 | 1 | 0 |
_aBurmese days; _ba novel, _cby George Orwell. |
| 260 |
_aNew York, _bHarper & brothers, _c1934. |
||
| 300 |
_a3 p. l., 299 p. _c21 cm. |
||
| 500 | _a"First edition." | ||
| 906 |
_a7 _bcbc _coclcrpl _du _encip _f19 _gy-gencatlg |
||
| 942 |
_2ddc _cBK |
||